Phật giáo ấn độ giáo đạo giáo thiên

Spremljeno u:
Bibliografski detalji
Format: Knjiga
Oznake: Dodaj oznaku
Bez oznaka, Budi prvi tko označuje ovaj zapis!
Thư viện lưu trữ: Mạng thư viện Đại học Đà Nẵng
LEADER 00395nam a22001571a 4500
001 000035813
003 12105
005 20160318111220.0
008 160318s0 000
245 |a Phật giáo ấn độ giáo đạo giáo thiên 
OWN |a LNN 
999 |a From the UDN01 
TYP |a Monograph 
980 |a Mạng thư viện Đại học Đà Nẵng